000 00490pab a2200181 454500
008 180718b2009 xxu||||| |||| 00| 0 eng d
100 _aPercival, Garrick L.
245 _aRepresentation and local policy: relating county-level public opinion to policy outputs
260 _c2009
300 _ap.164-77.
362 _aMar
650 _aPublic policy
700 _aNeiman, Max
700 _aJohnson, Martin
773 _aPolitical Research Quarterly
908 _aN
909 _a82688
999 _c82688
_d82688